Champions League - Statistiken

Allgemein
  • Dieses Quiz wurde 93 mal gespielt
  • Das Durchschnittsergebnis liegt bei 381 aus 491
Antwortstatistiken
Saison Runde Heim Auswärts Nation % Korrekt
Gruppe Werder Bremen 1-1 1-2 Italien AC Mailand
92%
Gruppe Hertha BSC 1-0 1-1 Italien AC Mailand
92%
Gruppe FC Bayern München 1-2 1-2 Italien AC Mailand
92%
Gruppe Borussia Dortmund 0-1 1-0 Italien AC Mailand
92%
Gruppe FC Schalke 04 2-2 2-3 Italien AC Mailand
92%
Achtel FC Bayern München 1-1 1-4 Italien AC Mailand
92%
Viertel FC Bayern München 0-2 2-2 Italien AC Mailand
92%
Gruppe Borussia Dortmund 0-0 3-1 Italien AC Mailand
92%
Gruppe Bayer 04 Leverkusen 1-0 Italien AC Mailand
92%
Gruppe Bayer 04 Leverkusen 0-2 2-3 Italien Inter Mailand
92%
Gruppe Werder Bremen 1-1 0-2 Italien Inter Mailand
92%
Gruppe FC Bayern München 1-1 2-0 Italien Inter Mailand
92%
Gruppe Werder Bremen 2-1 1-1 Italien Inter Mailand
92%
Finale FC Bayern München 0-2 Madrid Italien Inter Mailand
92%
Gruppe Werder Bremen 3-0 0-4 Italien Inter Mailand
92%
Achtel FC Bayern München 2-3 1-0Auswärtstore Italien Inter Mailand
92%
Viertel FC Schalke 04 2-1 5-2 Italien Inter Mailand
92%
Gruppe Borussia Dortmund 3-2 0-2 Italien Inter Mailand
92%
Gruppe Borussia Mönchengladbach 2-3 2-2 Italien Inter Mailand
92%
Gruppe FC Bayern München 2-0 2-0 Italien Inter Mailand
92%
Gruppe Bayer 04 Leverkusen 1-0 Italien Inter Mailand
92%
Gruppe RB Leipzig 0-1 Italien Inter Mailand
92%
Viertel Bayern München 1-2 2-2 Italien Inter Mailand
92%
1994/95 Gruppe FC Bayern München 0-1 0-2 Frankreich Paris Saint Germain
92%
Gruppe FC Bayern München 5-1 1-3 Frankreich Paris Saint Germain
92%
Gruppe FC Bayern München 2-0 0-1 Frankreich Paris Saint Germain
92%
Achtel Bayer 04 Leverkusen 0-4 1-2 Frankreich Paris Saint Germain
92%
Gruppe FC Bayern München 3-1 0-3 Frankreich Paris Saint Germain
92%
Achtel Borussia Dortmund 2-1 0-2 Frankreich Paris Saint Germain
92%
Halb RB Leipzig 0-3 Frankreich Paris Saint Germain
92%
Finale FC Bayern München 1-0 Lissabon Frankreich Paris Saint Germain
92%
Gruppe RB Leipzig 2-1 0-1 Frankreich Paris Saint Germain
92%
Viertel FC Bayern München 2-3 1-0Auswärtstore Frankreich Paris Saint Germain
92%
Gruppe RB Leipzig 2-2 2-3 Frankreich Paris Saint Germain
92%
Achtel FC Bayern München 2-0 1-0 Frankreich Paris Saint Germain
92%
Gruppe Borussia Dortmund 1-1 0-2 Frankreich Paris Saint Germain
92%
Halb Borussia Dortmund 1-0 1-0 Frankreich Paris Saint Germain
92%
Gruppe FC Bayern München 1-0 Frankreich Paris Saint Germain
92%
Gruppe VfB Stuttgart 1-4 Frankreich Paris Saint Germain
92%
Viertel Bayer 04 Leverkusen 1-1 0-3 Spanien Real Madrid
92%
Halb Borussia Dortmund 0-0 0-2 Spanien Real Madrid
92%
Gruppe FC Bayern München 4-1 4-2 Spanien Real Madrid
92%
Halb FC Bayern München 2-1 0-2 Spanien Real Madrid
92%
Gruppe Bayer 04 Leverkusen 2-3 3-5 Spanien Real Madrid
92%
Halb FC Bayern München 2-1 1-0 Spanien Real Madrid
92%
Viertel FC Bayern München 2-1 0-2 Spanien Real Madrid
92%
Finale Bayer 04 Leverkusen 1-2 Glasgow Spanien Real Madrid
92%
Gruppe Borussia Dortmund 1-1 1-2 Spanien Real Madrid
92%
Achtel FC Bayern München 1-1 0-1 Spanien Real Madrid
92%
Gruppe Bayer 04 Leverkusen 3-0 1-1 Spanien Real Madrid
92%
Achtel FC Bayern München 2-1 2-3Auswärtstore Spanien Real Madrid
92%
Gruppe Werder Bremen 3-2 1-2 Spanien Real Madrid
92%
Halb FC Bayern München 2-1 1-2 n.V3-1 n.E Spanien Real Madrid
92%
Gruppe Borussia Dortmund 2-1 2-2 Spanien Real Madrid
92%
Halb Borussia Dortmund 4-1 0-2 Spanien Real Madrid
92%
Achtel FC Schalke 04 1-6 1-3 Spanien Real Madrid
92%
Viertel Borussia Dortmund 2-0 0-3 Spanien Real Madrid
92%
Halb FC Bayern München 0-4 0-1 Spanien Real Madrid
92%
Achtel FC Schalke 04 0-2 4-3 Spanien Real Madrid
92%
Viertel VfL Wolfsburg 2-0 0-3 Spanien Real Madrid
92%
Gruppe Borussia Dortmund 2-2 2-2 Spanien Real Madrid
92%
Viertel FC Bayern München 1-2 2-4n.V Spanien Real Madrid
92%
Gruppe Borussia Dortmund 1-3 2-3 Spanien Real Madrid
92%
Halb FC Bayern München 1-2 2-2 Spanien Real Madrid
92%
Gruppe Borussia Mönchengladbach 2-2 0-2 Spanien Real Madrid
92%
Gruppe RB Leipzig 3-2 0-2 Spanien Real Madrid
92%
Gruppe Union Berlin 2-3 0-1 Spanien Real Madrid
92%
Achtel RB Leipzig 0-1 1-1 Spanien Real Madrid
92%
Halb FC Bayern München 2-2 1-2 Spanien Real Madrid
92%
Finale Borussia Dortmund 0-2 London Spanien Real Madrid
92%
Gruppe VfB Stuttgart 1-3 Spanien Real Madrid
92%
Gruppe Borussia Dortmund 2-5 Spanien Real Madrid
92%
Gruppe FC Bayern München 2-1 0-0 Schottland Celtic Glasgow
90%
Gruppe Borussia Mönchengladbach 1-1 2-0 Schottland Celtic Glasgow
90%
Gruppe FC Bayern München 3-0 2-1 Schottland Celtic Glasgow
90%
Gruppe RB Leipzig 3-1 2-0 Schottland Celtic Glasgow
90%
Gruppe Borussia Dortmund 7-1 Schottland Celtic Glasgow
90%
Gruppe RB Leipzig 1-3 Schottland Celtic Glasgow
90%
Play Offs FC Bayern München 1-1 2-1 Schottland Celtic Glasgow
90%
Gruppe Borussia Dortmund 0-0 0-2 England FC Liverpool
90%
Viertel Bayer 04 Leverkusen 4-2 0-1 England FC Liverpool
90%
Achtel Bayer 04 Leverkusen 1-3 1-3 England FC Liverpool
90%
2017/18 Quali TSG 1899 Hoffenheim 1-2 2-4 England FC Liverpool
90%
Achtel FC Bayern München 0-0 1-3 England FC Liverpool
90%
Achtel RB Leipzig 0-2 0-2 England FC Liverpool
90%
Gruppe Bayer 04 Leverkusen 0-4 England FC Liverpool
90%
Gruppe RB Leipzig 0-1 England FC Liverpool
90%
1995/96 Gruppe Borussia Dortmund 1-3 2-1 Italien Juventus Turin
90%
Finale Borussia Dortmund 3-1 München Italien Juventus Turin
90%
Gruppe Hamburger SV 4-4 3-1 Italien Juventus Turin
90%
Gruppe Bayer 04 Leverkusen 3-1 0-4 Italien Juventus Turin
90%
Gruppe FC Bayern München 0-1 0-1 Italien Juventus Turin
90%
Gruppe FC Bayern München 2-1 1-2 Italien Juventus Turin
90%
Achtel Werder Bremen 3-2 1-2Auswärtstore Italien Juventus Turin
90%
Gruppe FC Bayern München 0-0 4-1 Italien Juventus Turin
90%
Viertel FC Bayern München 2-0 2-0 Italien Juventus Turin
90%
Gruppe Borussia Mönchengladbach 1-1 0-0 Italien Juventus Turin
90%
Achtel FC Bayern München 4-2 n.V 2-2 Italien Juventus Turin
90%
Gruppe Bayer 04 Leverkusen 0-2 0-3 Italien Juventus Turin
90%
Gruppe VfB Stuttgart 1-0 Italien Juventus Turin
90%
Gruppe RB Leipzig 2-3 Italien Juventus Turin
90%
Halb Borussia Dortmund 1-0 1-0 England Manchester United
90%
Gruppe FC Bayern München 2-2 1-1 England Manchester United
90%
Finale FC Bayern München 1-2 Barcelona England Manchester United
90%
Viertel FC Bayern München 2-1 1-0 England Manchester United
90%
Gruppe FC Bayern München 1-1 0-0 England Manchester United
90%
Halb Bayer 04 Leverkusen 1-1 2-2Auswärtstore England Manchester United
90%
Gruppe Bayer 04 Leverkusen 1-2 0-2 England Manchester United
90%
Gruppe VfB Stuttgart 2-1 0-2 England Manchester United
90%
Gruppe VfL Wolfsburg 1-3 1-2 England Manchester United
90%
Viertel FC Bayern München 2-1 2-3Auswärtstore England Manchester United
90%
Halb FC Schalke 04 0-2 1-4 England Manchester United
90%
Gruppe Bayer 04 Leverkusen 0-5 2-4 England Manchester United
90%
Viertel FC Bayern München 3-1 1-1 England Manchester United
90%
Gruppe VfL Wolfsburg 3-2 1-2 England Manchester United
90%
Gruppe RB Leipzig 3-2 0-5 England Manchester United
90%
Gruppe FC Bayern München 4-3 1-0 England Manchester United
90%
Halb FC Bayern München 0-0 2-5 Niederlande Ajax Amsterdam
89%
Viertel Borussia Dortmund 0-2 0-1 Niederlande Ajax Amsterdam
89%
Gruppe FC Bayern München 4-0 2-2 Niederlande Ajax Amsterdam
89%
Gruppe Borussia Dortmund 1-0 4-1 Niederlande Ajax Amsterdam
89%
Gruppe FC Bayern München 1-1 3-3 Niederlande Ajax Amsterdam
89%
Gruppe Borussia Dortmund 1-3 0-4 Niederlande Ajax Amsterdam
89%
Gruppe 1. FC Kaiserslautern 1-0 1-2 Portugal Benfica Lissabon
89%
Gruppe FC Schalke 04 2-0 2-1 Portugal Benfica Lissabon
89%
Gruppe Bayer 04 Leverkusen 3-1 0-0 Portugal Benfica Lissabon
89%
Viertel FC Bayern München 1-0 2-2 Portugal Benfica Lissabon
89%
Achtel Borussia Dortmund 4-0 0-1 Portugal Benfica Lissabon
89%
Gruppe FC Bayern München 5-1 2-0 Portugal Benfica Lissabon
89%
Gruppe RB Leipzig 2-2 2-1 Portugal Benfica Lissabon
89%
Gruppe FC Bayern München 5-2 4-0 Portugal Benfica Lissabon
89%
Gruppe FC Bayern München 1-0 Portugal Benfica Lissabon
89%
Gruppe FC Bayern München 2-0 0-2 England Manchester City
88%
Gruppe Borussia Dortmund 1-0 1-1 England Manchester City
88%
Gruppe FC Bayern München 2-3 3-1 England Manchester City
88%
Gruppe FC Bayern München 1-0 2-3 England Manchester City
88%
Gruppe Borussia Mönchengladbach 1-2 2-4 England Manchester City
88%
Gruppe Borussia Mönchengladbach 1-1 0-4 England Manchester City
88%
Gruppe TSG 1899 Hoffenheim 1-2 1-2 England Manchester City
88%
Achtel FC Schalke 04 2-3 0-7 England Manchester City
88%
Achtel Borussia Mönchengladbach 0-2 0-2 England Manchester City
88%
Viertel Borussia Dortmund 1-2 1-2 England Manchester City
88%
2021/22 Gruppe RB Leipzig 2-1 3-6 England Manchester City
88%
Gruppe Borussia Dortmund 0-0 1-2 England Manchester City
88%
Achtel RB Leipzig 1-1 0-7 England Manchester City
88%
Viertel FC Bayern München 1-1 0-3 England Manchester City
88%
Gruppe RB Leipzig 1-3 2-3 England Manchester City
88%
Gruppe Borussia Dortmund 3-0 2-1 Russland Lokomotive Moskau
86%
Gruppe FC Schalke 04 1-0 1-0 Russland Lokomotive Moskau
86%
Gruppe Bayer 04 Leverkusen 1-2 2-0 Russland Lokomotive Moskau
86%
Gruppe FC Bayern München 2-0 2-1 Russland Lokomotive Moskau
86%
Gruppe Borussia Dortmund 2-3 0-3 Frankreich Olympique Marseille
86%
Viertel FC Bayern München 2-0 2-0 Frankreich Olympique Marseille
86%
Gruppe Borussia Dortmund 3-0 2-1 Frankreich Olympique Marseille
86%
Gruppe Eintracht Frankfurt 2-1 1-0 Frankreich Olympique Marseille
86%
Gruppe VfL Wolfsburg 3-1 1-2 Russland PFK ZSKA Moskau
86%
Gruppe FC Bayern München 3-0 3-1 Russland PFK ZSKA Moskau
86%
Gruppe FC Bayern München 3-0 1-0 Russland PFK ZSKA Moskau
86%
Gruppe FC Bayern München 2-2 1-1 Russland Spartak Moskau
86%
Gruppe Bayer 04 Leverkusen 1-0 0-2 Russland Spartak Moskau
86%
Gruppe FC Bayern München 1-0 3-0 Russland Spartak Moskau
86%
Gruppe FC Bayern München 5-1 3-1 Russland Spartak Moskau
86%
Gruppe FC Bayern München 4-0 2-2 Russland Spartak Moskau
86%
Gruppe Bayer 04 Leverkusen 4-1 2-0 Portugal Sporting Lissabon
86%
Gruppe Bayer 04 Leverkusen 3-2 0-0 Portugal Sporting Lissabon
86%
Gruppe FC Bayern München 0-0 1-0 Portugal Sporting Lissabon
86%
Achtel FC Bayern München 7-1 5-0 Portugal Sporting Lissabon
86%
Gruppe FC Schalke 04 4-3 2-4 Portugal Sporting Lissabon
86%
Gruppe Borussia Dortmund 1-0 2-1 Portugal Sporting Lissabon
86%
Gruppe Borussia Dortmund 1-0 1-3 Portugal Sporting Lissabon
86%
Gruppe Eintracht Frankfurt 0-3 2-1 Portugal Sporting Lissabon
86%
Gruppe RB Leipzig 2-1 Portugal Sporting Lissabon
86%
Play Offs Borussia Dortmund 0-0 3-0 Portugal Sporting Lissabon
86%
Gruppe Hamburger SV 3-2 0-1 Russland ZSKA Moskau
86%
Gruppe VfL Wolfsburg 1-0 2-0 Russland ZSKA Moskau
86%
Gruppe Bayer 04 Leverkusen 2-2 1-1 Russland ZSKA Moskau
86%
1996/97 Gruppe Borussia Dortmund 1-2 1-0 Spanien Atletico Madrid
85%
2008/09 Quali FC Schalke 04 1-0 0-4 Spanien Atletico Madrid
85%
Achtel Bayer 04 Leverkusen 1-0 0-1 n.V2-3 n.E Spanien Atletico Madrid
85%
Halb FC Bayern München 2-1 0-1Auswärtstore Spanien Atletico Madrid
85%
Gruppe FC Bayern München 1-0 0-1 Spanien Atletico Madrid
85%
Achtel Bayer 04 Leverkusen 2-4 0-0 Spanien Atletico Madrid
85%
2018/19 Gruppe Borussia Dortmund 4-0 0-2 Spanien Atletico Madrid
85%
Gruppe Bayer 04 Leverkusen 2-1 0-1 Spanien Atletico Madrid
85%
Viertel RB Leipzig 2-1 Spanien Atletico Madrid
85%
2020/21 Gruppe FC Bayern München 4-0 1-1 Spanien Atletico Madrid
85%
Gruppe Bayer 04 Leverkusen 2-0 2-2 Spanien Atletico Madrid
85%
Viertel Borussia Dortmund 4-2 1-2 Spanien Atletico Madrid
85%
Gruppe Bayer 04 Leverkusen 1-2 Spanien Atletico Madrid
85%
Gruppe RB Leipzig 1-2 Spanien Atletico Madrid
85%
Gruppe FC Bayern München 1-0 2-1 Spanien FC Barcelona
85%
Gruppe Hertha BSC 1-1 1-3 Spanien FC Barcelona
85%
Gruppe Bayer 04 Leverkusen 2-1 1-2 Spanien FC Barcelona
85%
Gruppe Bayer 04 Leverkusen 1-2 0-2 Spanien FC Barcelona
85%
Gruppe Werder Bremen 0-2 1-3 Spanien FC Barcelona
85%
Gruppe Werder Bremen 1-1 0-2 Spanien FC Barcelona
85%
Gruppe VfB Stuttgart 0-2 1-3 Spanien FC Barcelona
85%
Viertel FC Schalke 04 0-1 0-1 Spanien FC Barcelona
85%
Viertel FC Bayern München 1-1 0-4 Spanien FC Barcelona
85%
Achtel VfB Stuttgart 1-1 0-4 Spanien FC Barcelona
85%
Achtel Bayer 04 Leverkusen 1-3 1-7 Spanien FC Barcelona
85%
Halb FC Bayern München 4-0 3-0 Spanien FC Barcelona
85%
Halb FC Bayern München 3-2 0-3 Spanien FC Barcelona
85%
Gruppe Bayer 04 Leverkusen 1-1 1-2 Spanien FC Barcelona
85%
Gruppe Borussia Mönchengladbach 1-2 0-4 Spanien FC Barcelona
85%
Gruppe Borussia Dortmund 0-0 1-3 Spanien FC Barcelona
85%
Viertel FC Bayern München 8-2 Spanien FC Barcelona
85%
Gruppe FC Bayern München 3-0 3-0 Spanien FC Barcelona
85%
Gruppe FC Bayern München 2-0 3-0 Spanien FC Barcelona
85%
Gruppe FC Bayern München 1-4 Spanien FC Barcelona
85%
Gruppe Borussia Dortmund 2-3 Spanien FC Barcelona
85%
Viertel Borussia Dortmund 3-1 0-4 Spanien FC Barcelona
85%
Gruppe Hertha BSC 2-1 0-2 England FC Chelsea
85%
Achtel VfB Stuttgart 0-1 0-0 England FC Chelsea
85%
Viertel FC Bayern München 3-2 2-4 England FC Chelsea
85%
Gruppe Werder Bremen 1-0 0-2 England FC Chelsea
85%
Gruppe FC Schalke 04 0-0 0-2 England FC Chelsea
85%
Gruppe Bayer 04 Leverkusen 2-1 0-2 England FC Chelsea
85%
Finale FC Bayern München 1-1 n.V 3-4 n.E München England FC Chelsea
85%
Gruppe FC Schalke 04 0-3 0-3 England FC Chelsea
85%
Gruppe FC Schalke 04 0-5 1-1 England FC Chelsea
85%
Achtel FC Bayern München 4-1 3-0 England FC Chelsea
85%
Achtel Borussia Dortmund 1-0 0-2 England FC Chelsea
85%
Gruppe Werder Bremen 0-5 2-3 Portugal FC Porto
85%
Gruppe Hertha BSC 0-1 0-1 Portugal FC Porto
85%
Viertel FC Bayern München 2-1 1-1 Portugal FC Porto
85%
Gruppe Hamburger SV 1-3 1-4 Portugal FC Porto
85%
Achtel FC Schalke 04 1-0 0-1 n.V4-1 n.E Portugal FC Porto
85%
Viertel FC Bayern München 6-1 1-3 Portugal FC Porto
85%
Gruppe RB Leipzig 3-2 1-3 Portugal FC Porto
85%
Gruppe FC Schalke 04 1-1 1-3 Portugal FC Porto
85%
2022/23 Gruppe Bayer 04 Leverkusen 0-3 0-2 Portugal FC Porto
85%
Gruppe Borussia Dortmund 2-2 2-2 Schottland Glasgow Rangers
85%
Gruppe FC Bayern München 1-0 1-1 Schottland Glasgow Rangers
85%
Gruppe VfB Stuttgart 1-0 1-2 Schottland Glasgow Rangers
85%
Gruppe VfB Stuttgart 3-2 1-2 Schottland Glasgow Rangers
85%
Gruppe VfB Stuttgart 1-1 2-0 Schottland Glasgow Rangers
85%
Gruppe FC Bayern München 1-0 0-3 Frankreich Olympique Lyon
85%
Gruppe Bayer 04 Leverkusen 2-4 1-0 Frankreich Olympique Lyon
85%
Gruppe FC Bayern München 1-2 1-1 Frankreich Olympique Lyon
85%
Achtel Werder Bremen 0-3 2-7 Frankreich Olympique Lyon
85%
Gruppe VfB Stuttgart 0-2 2-4 Frankreich Olympique Lyon
85%
Gruppe FC Bayern München 1-1 3-2 Frankreich Olympique Lyon
85%
Halb FC Bayern München 1-0 3-0 Frankreich Olympique Lyon
85%
Gruppe FC Schalke 04 3-0 0-1 Frankreich Olympique Lyon
85%
Gruppe TSG 1899 Hoffenheim 3-3 2-2 Frankreich Olympique Lyon
85%
Gruppe RB Leipzig 0-2 2-2 Frankreich Olympique Lyon
85%
Halb FC Bayern München 3-0 Frankreich Olympique Lyon
85%
Gruppe FC Bayern München 1-0 2-2 England FC Arsenal
84%
Gruppe FC Schalke 04 3-1 2-3 England FC Arsenal
84%
Gruppe Bayer 04 Leverkusen 1-1 1-4 England FC Arsenal
84%
Gruppe Borussia Dortmund 2-1 0-2 England FC Arsenal
84%
Achtel FC Bayern München 3-1 0-1 England FC Arsenal
84%
Gruppe Hamburger SV 1-2 1-3 England FC Arsenal
84%
Gruppe Borussia Dortmund 1-1 1-2 England FC Arsenal
84%
Gruppe FC Schalke 04 2-2 2-0 England FC Arsenal
84%
Achtel FC Bayern München 2-0 1-3Auswärtstore England FC Arsenal
84%
Gruppe Borussia Dortmund 0-1 2-1 England FC Arsenal
84%
Achtel FC Bayern München 1-1 2-0 England FC Arsenal
84%
Gruppe Borussia Dortmund 2-0 0-2 England FC Arsenal
84%
Gruppe FC Bayern München 5-1 0-2 England FC Arsenal
84%
Achtel FC Bayern München 5-1 5-1 England FC Arsenal
84%
Viertel FC Bayern München 1-0 2-2 England FC Arsenal
84%
Gruppe Borussia Dortmund 2-1 2-0 Tschechien Slavia Prag
84%
Gruppe Borussia Dortmund 4-1 3-0 Tschechien Sparta Prag
84%
Gruppe Hertha BSC 1-1 0-1 Tschechien Sparta Prag
84%
Gruppe FC Bayern München 0-0 1-0 Tschechien Sparta Prag
84%
Gruppe VfB Stuttgart 1-1 Tschechien Sparta Prag
84%
Gruppe Bayer 04 Leverkusen 2-0 Tschechien Sparta Prag
84%
Gruppe FC Bayern München 3-2 1-1 Italien SSC Neapel
84%
Gruppe Borussia Dortmund 3-1 1-2 Italien SSC Neapel
84%
Achtel Eintracht Frankfurt 0-2 0-3 Italien SSC Neapel
84%
Gruppe Union Berlin 0-1 1-1 Italien SSC Neapel
84%
Gruppe Bayer 04 Leverkusen 3-1 1-1 Italien AS Rom
82%
Gruppe FC Bayern München 2-0 2-3 Italien AS Rom
82%
Gruppe FC Bayern München 2-0 7-1 Italien AS Rom
82%
Gruppe Bayer 04 Leverkusen 4-4 2-3 Italien AS Rom
82%
Achtel Bayern München 3-0 2-0 Deutschland Bayer 04 Leverkusen
82%
Finale FC Bayern München 2-1 London Deutschland Borussia Dortmund
82%
Gruppe FC Bayern München 1-0 4-1 Ukraine Dynamo Kiew
82%
Halb FC Bayern München 1-0 3-3 Ukraine Dynamo Kiew
82%
Gruppe Bayer 04 Leverkusen 1-1 2-4 Ukraine Dynamo Kiew
82%
Gruppe FC Bayern München 2-1 0-2 Ukraine Dynamo Kiew
82%
Gruppe Borussia Dortmund 1-0 2-2 Ukraine Dynamo Kiew
82%
Gruppe Bayer 04 Leverkusen 3-0 2-4 Ukraine Dynamo Kiew
82%
2012/13 Quali Borussia Mönchengladbach 1-3 2-1 Ukraine Dynamo Kiew
82%
Gruppe FC Bayern München 5-0 2-1 Ukraine Dynamo Kiew
82%
Gruppe Bayer 04 Leverkusen 1-1 1-1 Italien Lazio Rom
82%
Gruppe Werder Bremen 2-1 1-2 Italien Lazio Rom
82%
2015/16 Quali Bayer 04 Leverkusen 3-0 0-1 Italien Lazio Rom
82%
Gruppe Borussia Dortmund 1-1 1-3 Italien Lazio Rom
82%
Achtel FC Bayern München 2-1 4-1 Italien Lazio Rom
82%
Achtel FC Bayern München 3-0 0-1 Italien Lazio Rom
82%
Gruppe 1. FC Kaiserslautern 3-1 2-1 Niederlande PSV Eindhoven
82%
Gruppe FC Bayern München 2-1 1-2 Niederlande PSV Eindhoven
82%
Gruppe Borussia Dortmund 1-1 3-1 Niederlande PSV Eindhoven
82%
Gruppe FC Schalke 04 3-0 0-1 Niederlande PSV Eindhoven
82%
Gruppe VfL Wolfsburg 2-0 0-2 Niederlande PSV Eindhoven
82%
Gruppe FC Bayern München 4-1 2-1 Niederlande PSV Eindhoven
82%
Achtel Borussia Dortmund 2-0 1-1 Niederlande PSV Eindhoven
82%
Gruppe VfB Stuttgart 1-3 1-1 Spanien FC Sevilla
81%
Gruppe Borussia Mönchengladbach 4-2 0-3 Spanien FC Sevilla
81%
Viertel FC Bayern München 0-0 2-1 Spanien FC Sevilla
81%
Achtel Borussia Dortmund 2-2 3-2 Spanien FC Sevilla
81%
Gruppe VfL Wolfsburg 1-1 0-2 Spanien FC Sevilla
81%
Gruppe Borussia Dortmund 1-1 4-1 Spanien FC Sevilla
81%
Gruppe FC Bayern München 1-1 1-1 Spanien FC Valencia
81%
Finale FC Bayern München 1-15-4 n.E Mailand Spanien FC Valencia
81%
Gruppe Werder Bremen 2-1 2-0 Spanien FC Valencia
81%
Gruppe FC Schalke 04 0-1 0-0 Spanien FC Valencia
81%
Achtel FC Schalke 04 3-1 1-1 Spanien FC Valencia
81%
Gruppe Bayer 04 Leverkusen 2-1 1-3 Spanien FC Valencia
81%
Gruppe FC Bayern München 2-1 1-1 Spanien FC Valencia
81%
Gruppe FC Bayern München 3-0 6-0 Serbien FK Roter Stern Belgrad
81%
Gruppe RB Leipzig 3-1 2-1 Serbien FK Roter Stern Belgrad
81%
Gruppe Borussia Dortmund 4-1 1-0 Türkei Galatasaray Istanbul
81%
Gruppe Hertha BSC 1-4 2-2 Türkei Galatasaray Istanbul
81%
Achtel FC Schalke 04 2-3 1-1 Türkei Galatasaray Istanbul
81%
Gruppe Borussia Dortmund 4-1 4-0 Türkei Galatasaray Istanbul
81%
Gruppe FC Schalke 04 2-0 0-0 Türkei Galatasaray Istanbul
81%
Gruppe FC Bayern München 2-1 3-1 Türkei Galatasaray Istanbul
81%
Gruppe FC Bayern München 6-1 1-0 Frankreich OSC Lille
81%
Gruppe VfL Wolfsburg 1-3 0-0 Frankreich OSC Lille
81%
Achtel Borussia Dortmund 1-1 2-1 Frankreich OSC Lille
81%
Quali Bayer 04 Leverkusen 3-0 0-0 Serbien Roter Stern Belgrad
81%
Gruppe VfB Stuttgart 1-5 Serbien Roter Stern Belgrad
81%
Viertel Borussia Dortmund 1-0n.V 0-0 Deutschland FC Bayern München
79%
Gruppe FC Bayern München 3-1 6-2 Österreich FC Salzburg
79%
Gruppe VfL Wolfsburg 2-1 1-3 Österreich FC Salzburg
79%
Achtel FC Bayern München 7-1 1-1 Österreich FC Salzburg
79%
Gruppe Bayer 04 Leverkusen 5-0 Österreich FC Salzburg
79%
2014/15 Quali Bayer 04 Leverkusen 4-0 3-2 Dänemark FC Kopenhagen
78%
Gruppe Borussia Dortmund 3-0 1-1 Dänemark FC Kopenhagen
78%
2023/24 Gruppe FC Bayern München 0-0 2-1 Dänemark FC Kopenhagen
78%
Gruppe FC Bayern München 2-0 2-0 Griechenland AEK Athen
77%
Gruppe Bayer 04 Leverkusen 2-2 0-4 Frankreich AS Monaco
77%
Gruppe Bayer 04 Leverkusen 0-1 0-1 Frankreich AS Monaco
77%
Gruppe Bayer 04 Leverkusen 3-0 1-1 Frankreich AS Monaco
77%
Viertel Borussia Dortmund 2-3 1-3 Frankreich AS Monaco
77%
Gruppe RB Leipzig 1-1 4-1 Frankreich AS Monaco
77%
Gruppe Borussia Dortmund 3-0 2-0 Frankreich AS Monaco
77%
Gruppe Hamburger SV 0-1 0-0 Griechenland Panathinaikos Athen
77%
Gruppe FC Schalke 04 0-2 0-2 Griechenland Panathinaikos Athen
77%
Gruppe VfB Stuttgart 2-0 3-1 Griechenland Panathinaikos Athen
77%
Gruppe Werder Bremen 5-1 1-2 Griechenland Panathinaikos Athen
77%
Gruppe Werder Bremen 0-3 2-2 Griechenland Panathinaikos Athen
77%
2001/02 Quali Borussia Dortmund 3-1 2-0 Ukraine Schachtar Donezk
77%
Achtel Borussia Dortmund 3-0 2-2 Ukraine Schachtar Donezk
77%
Gruppe Bayer 04 Leverkusen 4-0 0-0 Ukraine Schachtar Donezk
77%
Achtel FC Bayern München 7-0 0-0 Ukraine Schachtar Donezk
77%
Gruppe TSG 1899 Hoffenheim 2-3 2-2 Ukraine Schachtar Donezk
77%
Gruppe Borussia Mönchengladbach 4-0 6-0 Ukraine Schachtar Donezk
77%
Gruppe RB Leipzig 1-4 4-0 Ukraine Schachtar Donezk
77%
Gruppe FC Bayern München 5-1 Ukraine Schachtar Donezk
77%
Gruppe Borussia Dortmund 3-1 Ukraine Schachtar Donezk
77%
2016/17 Quali Borussia Mönchengladbach 6-1 3-1 Schweiz BSC Young Boys Bern
75%
Gruppe RB Leipzig 2-1 3-1 Schweiz BSC Young Boys Bern
75%
Gruppe VfB Stuttgart 5-1 Schweiz BSC Young Boys Bern
75%
2007/08 Quali Werder Bremen 2-1 3-2 Kroatien Dinamo Zagreb
75%
Gruppe FC Bayern München 5-0 2-0 Kroatien Dinamo Zagreb
75%
2024/25 Gruppe FC Bayern München 9-2 Kroatien Dinamo Zagreb
75%
Gruppe Borussia Dortmund 3-0 Kroatien Dinamo Zagreb
75%
2003/04 Quali Borussia Dortmund 2-1n-V 1-22-4 n- E Belgien FC Brügge
75%
Gruppe FC Bayern München 1-0 1-1 Belgien FC Brügge
75%
Gruppe Borussia Dortmund 0-0 1-0 Belgien FC Brügge
75%
Gruppe Borussia Dortmund 3-0 3-0 Belgien FC Brügge
75%
Gruppe RB Leipzig 1-2 5-0 Belgien FC Brügge
75%
Gruppe Bayer 04 Leverkusen 0-0 0-1 Belgien FC Brügge
75%
Gruppe Borussia Dortmund 3-0 Belgien FC Brügge
75%
Gruppe Borussia Dortmund 1-0 0-0 Rumänien Steaua Bukarest
75%
Gruppe Borussia Dortmund 5-3 3-0 Rumänien Steaua Bukarest
75%
Gruppe Werder Bremen 2-2 0-3 England Tottenham Hotspur
75%
Gruppe Bayer 04 Leverkusen 0-0 1-0 England Tottenham Hotspur
75%
Gruppe Borussia Dortmund 1-2 1-3 England Tottenham Hotspur
75%
Achtel Borussia Dortmund 0-1 0-3 England Tottenham Hotspur
75%
2019/20 Gruppe FC Bayern München 3-1 7-2 England Tottenham Hotspur
75%
Achtel RB Leipzig 3-0 1-0 England Tottenham Hotspur
75%
Gruppe Eintracht Frankfurt 0-0 2-3 England Tottenham Hotspur
75%
Gruppe FC Bayern München 0-1 England Aston Villa
73%
Gruppe RB Leipzig 2-3 England Aston Villa
73%
Gruppe FC Bayern München 2-0 2-0 Türkei Besiktas Istanbul
73%
Gruppe VfL Wolfsburg 0-0 3-0 Türkei Besiktas Istanbul
73%
Gruppe RB Leipzig 1-2 0-2 Türkei Besiktas Istanbul
73%
Achtel FC Bayern München 5-0 3-1 Türkei Besiktas Istanbul
73%
Gruppe Borussia Dortmund 5-0 2-1 Türkei Besiktas Istanbul
73%
Gruppe Borussia Dortmund 8-4 6-0 Polen Legia Warschau
73%
Achtel Borussia Dortmund 1-2 4-2 Russland Zenit St. Petersburg
71%
Gruppe Bayer 04 Leverkusen 2-0 2-1 Russland Zenit St. Petersburg
71%
Gruppe RB Leipzig 2-1 2-0 Russland Zenit St. Petersburg
71%
Gruppe Borussia Dortmund 2-0 2-1 Russland Zenit St. Petersburg
71%
Gruppe Borussia Dortmund 1-1 1-1 Zypern APOEL Nikosia
70%
2005/06 Quali Werder Bremen 3-0 1-2 Schweiz FC Basel
70%
Gruppe FC Bayern München 3-0 2-1 Schweiz FC Basel
70%
Achtel FC Bayern München 7-0 0-1 Schweiz FC Basel
70%
Gruppe FC Schalke 04 2-0 1-0 Schweiz FC Basel
70%
Gruppe FC Bayern München 3-1 2-0 Spanien FC Villareal
70%
Viertel FC Bayern München 1-1 0-1 Spanien FC Villareal
70%
Gruppe Bayer 04 Leverkusen 1-3 1-3 England Newcastle United
70%
Gruppe Borussia Dortmund 2.0 1-0 England Newcastle United
70%
2002/03 Quali FC Bayern München 3-1 3-0 Serbien FK Partizan Belgrad
68%
Gruppe Werder Bremen 5-3 2-1 Belgien RSC Anderlecht
68%
Gruppe FC Bayern München 1-0 1-1 Belgien RSC Anderlecht
68%
Gruppe Werder Bremen 5-1 2-1 Belgien RSC Anderlecht
68%
Gruppe Borussia Dortmund 1-1 3-0 Belgien RSC Anderlecht
68%
Gruppe FC Bayern München 3-0 2-1 Belgien RSC Anderlecht
68%
Gruppe Borussia Dortmund 1-1 1-1 Niederlande Feyenoord Rotterdam
67%
Gruppe FC Bayern München 3-1 2-2 Niederlande Feyenoord Rotterdam
67%
Gruppe FC Bayern München 0-3 Niederlande Feyenoord Rotterdam
67%
Gruppe Bayer 04 Leverkusen 0-4 Niederlande Feyenoord Rotterdam
67%
Gruppe VfB Stuttgart 0-2 Italien Atalanta Bergamo
64%
Viertel Borussia Dortmund 3-2 0-0 Spanien FC Malaga
64%
1993/94 Quali Werder Bremen 5-2 1-1 Belarus FK Dinamo Minsk
64%
Gruppe FC Bayern München 0-2 1-2 Frankreich Girodins Bordeaux
64%
Gruppe Bayer 04 Leverkusen 2-1 2-1 Türkei Fenerbahce Istanbul
63%
Gruppe FC Schalke 04 2-0 3-3 Türkei Fenerbahce Istanbul
63%
Quali Werder Bremen 1-0 2-2 Bulgarien Lewski 1913 Sofia
63%
Gruppe Werder Bremen 2-0 3-0 Bulgarien Lewski Sofia
63%
Gruppe FC Bayern München 4-0 1-0 Österreich SK Rapid Wien
63%
Gruppe Borussia Dortmund 1-0 Österreich SK Sturm Graz
63%
Gruppe RB Leipzig 0-1 Österreich SK Sturm Graz
63%
Gruppe Union Berlin 2-3 1-1 Portugal Sporting Braga
63%
Gruppe Borussia Dortmund 1-2 Italien FC Bologna
62%
Gruppe Bayer 04 Leverkusen 2-0 2-6 Griechenland Olympiakos Piräus
62%
Gruppe Werder Bremen 1-3 0-3 Griechenland Olympiakos Piräus
62%
Gruppe Borussia Dortmund 1-0 1-3 Griechenland Olympiakos Piräus
62%
Gruppe FC Schalke 04 1-0 2-1 Griechenland Olympiakos Piräus
62%
Gruppe FC Bayern München 4-0 3-0 Griechenland Olympiakos Piräus
62%
Gruppe FC Bayern München 2-0 3-2 Griechenland Olympiakos Piräus
62%
Gruppe FC Bayern München 3-0 1-1 Italien AC Florenz
59%
Achtel FC Bayern München 2-1 2-3Auswärtstore Italien AC Florenz
59%
2011/12 Quali FC Bayern München 2-0 1-0 Schweiz FC Zürich
59%
Gruppe FC Bayern München 3-1 Slowakei SK Slovan Bratislava
59%
Gruppe VfB Stuttgart 3-1 Slowakei SK Slovan Bratislava
59%
Gruppe Bayer 04 Leverkusen 2-0 1-1 Belgien KRC Genk
58%
Gruppe FC Bayern München 5-1 1-0 Israel Maccabi Tel Aviv
56%
Gruppe FC Schalke 04 3-1 0-0 Israel Hapoel Tel Aviv
55%
Achtel VfL Wolfsburg 1-0 3-2 Belgien KAA Gent
55%
Gruppe FC Bayern München 5-0 1-0 Tschechien Viktoria Pilsen
52%
Gruppe FC Bayern München 5-0 4-2 Tschechien Viktoria Pilsen
52%
Gruppe Borussia Dortmund 0-3 2-2 Norwegen Rosenborg Trondheim
51%
Gruppe FC Bayern München 2-1 1-1 Norwegen Rosenborg Trondheim
51%
Gruppe FC Bayern München 3-1 1-1 Norwegen Rosenborg Trondheim
51%
Gruppe FC Schalke 04 3-1 2-0 Norwegen Rosenborg Trondheim
51%
2010/11 Quali Werder Bremen 3-1 2-3n.V Italien Sampdoria Genua
51%
1992/93 Quali VfB Stuttgart 3-0 0-33. Spiel 1-2 England Leeds United
49%
Gruppe Hamburger SV 1-1 1-2 Spanien Deportivo La Coruna
48%
Gruppe Bayer 04 Leverkusen 3-0 3-1 Spanien Deportivo La Coruna
48%
Gruppe FC Bayern München 2-3 1-2 Spanien Deportivo La Coruna
48%
Gruppe 1. FC Kaiserslautern 5-2 0-0 Finnland HJK Helsinki
47%
Gruppe Bayer 04 Leverkusen 1-1 Frankreich Stade Brest
47%
Gruppe Borussia Dortmund 2-0 0-1 Italien AC Parma
45%
Viertel FC Bayern München 0-0 2-2Auswärtstore Schweden IFK Göteborg
45%
Gruppe FC Bayern München 0-1 3-1 Schweden IFK Göteborg
45%
Gruppe RB Leipzig 2-0 4-3 Türkei Istanbul Basaksehir FK
45%
2013/14 Quali FC Schalke 04 1-1 3-2 Griechenland PAOK Thessaloniki
45%
1997/98 Quali Bayer 04 Leverkusen 6-1 0-1 Georgien Dinamo Tiflis
44%
Gruppe Bayer 04 Leverkusen 2-1 2-0 Israel Maccabi Haifa
44%
Gruppe FC Bayern München 1-0 3-0 Israel Maccabi Haifa
44%
Gruppe FC Bayern München 2-1 1-0 Frankreich FC Nantes
42%
Gruppe Bayer 04 Leverkusen 2-1 1-0 Spanien Real Sociedad San Sebastian
42%
Gruppe FC Schalke 04 2-2 1-1 Frankreich HSC Montpellier
41%
Viertel FC Bayern München 2-0 4-0 Deutschland 1. FC Kaiserslautern
37%
Gruppe FC Bayern München 3-2 4-0 Rumänien CFR Cluj
37%
Gruppe FC Bayern München 3-0 1-0 Rumänien Steaua Bukarest
36%
Gruppe FC Schalke 04 3-0 0-0 Rumänien Steaua Bukarest
36%
Gruppe Werder Bremen 4-3 1-1 Italien Udinese Calcio
36%
Gruppe FC Bayern München 2-0 1-2 Dänemark Bröndby IF
34%
2000/01 Quali Hamburger SV 0-0 2-0 Dänemark Bröndby IF
34%
Gruppe FC Bayern München 3-3 1-1 Frankreich RC Lens
34%
Gruppe FC Bayern München 4-1 1-3 Belarus BATE Baryssau
32%
Gruppe Bayer 04 Leverkusen 4-1 1-1 Belarus BATE Baryssau
32%
Gruppe Werder Bremen 0-2 1-1 Niederlande FC Twente Enschede
32%
Gruppe FC Schalke 04 0-1 4-0 Spanien RCD Mallorca
32%
Gruppe Bayer 04 Leverkusen 0-0 2-0 Slowenien NK Maribor
30%
Gruppe FC Schalke 04 1-1 1-0 Slowenien NK Maribor
30%
Gruppe Borussia Dortmund 3-1 0-1 Portugal Boavista Porto
29%
Gruppe Borussia Dortmund 2-1 1-2 Portugal Boavista Porto
29%
Gruppe FC Bayern München 1-0 0-0 Portugal Boavista Porto
29%
Viertel Borussia Dortmund 3-1 1-0 Frankreich AJ Auxerre
22%
Gruppe Borussia Dortmund 2-1 0-1 Frankreich AJ Auxerre
22%
Gruppe Borussia Dortmund 2-1 2-2 Polen Widzew Lodz
19%
Gruppe FC Bayern München 5-0 2-3 Russland FK Rostow
15%
1999/00 Quali Hertha BSC 2-0 0-0 Zypern Anorthosis Famagusta
12%
Gruppe Werder Bremen 0-0 2-2 Zypern Anorthosis Famagusta
12%
2004/05 Quali Bayer 04 Leverkusen 5-0 1-2 Tschechien FC Banik Ostrava
11%
Gruppe FC Bayern München 0-0 3-1 Schweden Helsingborgs IF
11%
2006/07 Quali Hamburger SV 0-0 1-1Auswärtstore Spanien CA Osasuna
10%
Gruppe Bayer 04 Leverkusen 1-0 2-0 Belgien Lierse SK
8%
2009/10 Quali VfB Stuttgart 0-0 2-0 Rumänien ACS Poli Timisoara
5%
1998/99 Quali FC Bayern München 4-0 1-1 Serbien FK Obilic
5%
Gruppe VfB Stuttgart 3-1 1-1 Rumänien Unirea Urziceni
4%
Keine übereinstimmenden Quizze gefunden
Verteilung der Resultate
Anzahl Personen mit jedem Resultat
Perzentil nach korrekt beantworteten Fragen
Ihre Resultats-Entwicklung
Sie haben dieses Quiz noch nicht gespielt